The Bin Ladens: the story of a family and its fortune (Record no. 69481)

000 -LEADER
fixed length control field 00467nam a22001697a 4500
003 - CONTROL NUMBER IDENTIFIER
control field NUST - PNEC
005 - DATE AND TIME OF LATEST TRANSACTION
control field 20170116181119.0
008 - FIXED-LENGTH DATA ELEMENTS--GENERAL INFORMATION
fixed length control field 151004b xxu||||| |||| 00| 0 eng d
020 ## - INTERNATIONAL STANDARD BOOK NUMBER
International Standard Book Number 9781846141249
040 ## - CATALOGING SOURCE
Transcribing agency LIBRARY
082 ## - DEWEY DECIMAL CLASSIFICATION NUMBER
Classification number 953.8052 COL
100 ## - MAIN ENTRY--PERSONAL NAME
9 (RLIN) 13374
Personal name Coll, Steve
245 ## - TITLE STATEMENT
Title The Bin Ladens: the story of a family and its fortune
Statement of responsibility, etc. Steve Coll
260 ## - PUBLICATION, DISTRIBUTION, ETC.
Date of publication, distribution, etc. c.2008
650 ## - SUBJECT ADDED ENTRY--TOPICAL TERM
9 (RLIN) 13377
Topical term or geographic name entry element Saudi Arabia
General subdivision History , Biography
942 ## - ADDED ENTRY ELEMENTS (KOHA)
Source of classification or shelving scheme
Koha item type Book
Holdings
Withdrawn status Lost status Source of classification or shelving scheme Damaged status Not for loan Permanent Location Current Location Shelving location Date acquired Total Checkouts Full call number Barcode Date last seen Price effective from Koha item type
          Pakistan Navy Engineering College (PNEC) Pakistan Navy Engineering College (PNEC)       953.8052 COL PNECLIB-028652 10/04/2015   Book
© 2023 Central Library, National University of Sciences and Technology. All Rights Reserved.